[Event "Quebec Montcalm op 6 2007-08"]
[Site "Quebec"]
[Date "2008.04.03"]
[Round "3"]
[White "Bernatchez, Dan"]
[Black "Cummins, Paul"]
[Result "1-0"]
[WhiteElo "1980"]
[BlackElo "1746"]
[PlyCount "39"]
[EventDate "2008.03.20"]
[EventType "swiss"]
[EventRounds "5"]
[EventCountry "CAN"]
[SourceTitle "EXT 2022"]
[Source "ChessBase"]
[SourceDate "2021.10.06"]
[SourceVersion "1"]
[SourceVersionDate "2021.10.06"]
[SourceQuality "1"]

1. e4 c5 2. Nf3 d6 3. d4 cxd4 4. Nxd4 Nf6 5. Nc3 g6 6. Be2 Bg7 7. Be3 0-0 8. 0-0 Nc6 9. Nb3 a5 10. a4 Be6 11. Nd4 Nxd4 12. Bxd4 Rc8 13. Nd5 Bxd5 14. exd5 e5 15. Be3 Nd7 16. c3 f5 17. f3 f4 18. Bf2 Nf6 19. Bd3 Nxd5 20. Qb3 1-0

[Event "Quebec Montcalm op 6 2007-08"]
[Site "Quebec"]
[Date "2008.03.27"]
[Round "2"]
[White "Auger, Bertrand"]
[Black "Bernatchez, Dan"]
[Result "1-0"]
[WhiteElo "2014"]
[BlackElo "1980"]
[PlyCount "83"]
[EventDate "2008.03.20"]
[EventType "swiss"]
[EventRounds "5"]
[EventCountry "CAN"]
[SourceTitle "EXT 2022"]
[Source "ChessBase"]
[SourceDate "2021.10.06"]
[SourceVersion "1"]
[SourceVersionDate "2021.10.06"]
[SourceQuality "1"]

1. c4 c5 2. Nc3 Nc6 3. Nf3 g6 4. g3 Bg7 5. Bg2 e6 6. 0-0 Nge7 7. a3 0-0 8. Rb1 a5 9. b3 d6 10. Bb2 e5 11. d3 Rb8 12. e3 Na7 13. a4 Nac6 14. Qe2 Re8 15. Nd2 Nb4 16. Nb5 d5 17. cxd5 Nexd5 18. Ne4 Bf8 19. Rfd1 f5 20. Nd2 Nc7 21. Nxc7 Qxc7 22. Nc4 Bg7 23. Qd2 Be6 24. Qc3 Nc6 25. Qe1 Bf7 26. Rbc1 b6 27. Rd2 Rbd8 28. Qd1 Bd5 29. Bxd5+ Rxd5 30. e4 fxe4 31. dxe4 Rxd2 32. Qxd2 Nd4 33. Bxd4 exd4 34. Qd3 Qc6 35. Re1 b5 36. Nxa5 Qb6 37. Qxb5 Qxb5 38. axb5 Rb8 39. e5 Rxb5 40. e6 Kf8 41. e7+ Ke8 42. Nc4 1-0

[Event "Quebec Montcalm op 4th"]
[Site "Quebec"]
[Date "2008.02.07"]
[Round "5"]
[White "Bernatchez, Dan"]
[Black "Caire, Francois"]
[Result "1/2-1/2"]
[WhiteElo "1948"]
[BlackElo "2211"]
[PlyCount "74"]
[EventDate "2008.01.10"]
[EventType "swiss"]
[EventRounds "5"]
[EventCountry "CAN"]
[SourceTitle "EXT 2011"]
[Source "ChessBase"]
[SourceDate "2010.11.26"]
[SourceVersion "1"]
[SourceVersionDate "2010.11.26"]
[SourceQuality "1"]

1. e4 e5 2. Nf3 Nc6 3. Bc4 Bc5 4. c3 Nf6 5. d3 0-0 6. 0-0 d6 7. Nbd2 Bb6 8. h3 Ne7 9. Re1 Ng6 10. Nf1 c6 11. Bb3 Nh5 12. d4 Nhf4 13. dxe5 dxe5 14. Qxd8 Rxd8 15. Be3 Bxe3 16. Nxe3 Be6 17. Bxe6 Nxe6 18. Nc4 f6 19. Rad1 b6 20. b4 Kf8 21. g3 Ne7 22. Kf1 b5 23. Na5 c5 24. Nb7 Rxd1 25. Rxd1 cxb4 26. cxb4 Rb8 27. Rd6 Rxb7 28. Rxe6 Rc7 29. Ra6 Nc6 30. a3 Ke7 31. Nh4 g6 32. Ng2 Nb8 33. Ra5 a6 34. a4 Rb7 35. axb5 Rxb5 36. Rxb5 axb5 37. Ne3 Nc6 1/2-1/2

[Event "Quebec Montcalm op 4th"]
[Site "Quebec"]
[Date "2008.01.24"]
[Round "3"]
[White "Bernatchez, Dan"]
[Black "Sauve, Richard"]
[Result "1-0"]
[WhiteElo "1948"]
[BlackElo "1961"]
[PlyCount "120"]
[EventDate "2008.01.10"]
[EventType "swiss"]
[EventRounds "5"]
[EventCountry "CAN"]
[SourceTitle "EXT 2011"]
[Source "ChessBase"]
[SourceDate "2010.11.26"]
[SourceVersion "1"]
[SourceVersionDate "2010.11.26"]
[SourceQuality "1"]

1. d4 d5 2. c4 e6 3. Nf3 c6 4. Nbd2 f5 5. g3 Nf6 6. Bg2 Bd6 7. 0-0 0-0 8. Ne5 Ne4 9. Qc2 Nd7 10. Ndf3 Qf6 11. Bf4 g5 12. Nxd7 Bxd7 13. Bxd6 Nxd6 14. Ne5 Be8 15. f4 Nxc4 16. fxg5 Qxg5 17. Nxc4 dxc4 18. Qxc4 Qe3+ 19. Kh1 Bh5 20. Bf3 Bxf3+ 21. Rxf3 Qe4 22. Qd3 Rfd8 23. Rd1 Qxd3 24. Rfxd3 Rd7 25. Kg2 Rad8 26. Kf3 Kf7 27. e4 Kf6 28. b4 Kg5 29. h3 Rf7 30. Ra3 a6 31. Ra5 Kf6 32. exf5 exf5 33. Kf4 Kg6 34. Re5 Rd6 35. a4 Rfd7 36. Ke3 Rd5 37. Rxd5 Rxd5 38. Kd3 Kf6 39. Re1 a5 40. Kc4 axb4 41. Rb1 b5+ 42. axb5 Rxb5 43. Rxb4 Ra5 44. Rb6 Ra3 45. Rxc6+ Kg5 46. Rc7 Rxg3 47. Rxh7 f4 48. h4+ Kg4 49. h5 Rh3 50. h6 f3 51. Kd3 Kg5 52. Ke3 Kg6 53. Rh8 Rh4 54. Rd8 Kxh6 55. Rh8+ Kg5 56. Rxh4 Kxh4 57. Kxf3 Kg5 58. Ke4 Kf6 59. Kd5 Ke7 60. Kc6 Kd8 1-0

[Event "Quebec Montcalm op 4th"]
[Site "Quebec"]
[Date "2008.01.10"]
[Round "1"]
[White "Auger, Bertrand"]
[Black "Bernatchez, Dan"]
[Result "1/2-1/2"]
[WhiteElo "2003"]
[BlackElo "1948"]
[PlyCount "52"]
[EventDate "2008.01.10"]
[EventType "swiss"]
[EventRounds "5"]
[EventCountry "CAN"]
[SourceTitle "EXT 2011"]
[Source "ChessBase"]
[SourceDate "2010.11.26"]
[SourceVersion "1"]
[SourceVersionDate "2010.11.26"]
[SourceQuality "1"]

1. Nf3 Nf6 2. g3 c5 3. Bg2 d5 4. 0-0 Nc6 5. d4 e6 6. c4 Be7 7. cxd5 exd5 8. Nc3 0-0 9. dxc5 Bxc5 10. Na4 Be7 11. Be3 b6 12. Nd4 Nxd4 13. Bxd4 Be6 14. Qd2 Rc8 15. Rfc1 Qd7 16. Qd1 Ne4 17. Nc3 f5 18. e3 Qb7 19. Ne2 Bd6 20. Nf4 Bf7 21. Nd3 Be6 22. Ne5 Qb8 23. f4 Rxc1 24. Rxc1 Rc8 25. Bf1 Qb7 26. a3 Rc7 1/2-1/2

[Event "Charlesbourg Olympiade"]
[Site "Charlesbourg"]
[Date "2007.10.15"]
[Round "2"]
[White "Bernatchez, Dan"]
[Black "Caron, Sebastien"]
[Result "0-1"]
[WhiteElo "1905"]
[BlackElo "1931"]
[PlyCount "38"]
[EventDate "2007.10.08"]
[EventType "swiss"]
[EventRounds "6"]
[EventCountry "CAN"]
[SourceTitle "EXT 2022"]
[Source "ChessBase"]
[SourceDate "2021.10.06"]
[SourceVersion "1"]
[SourceVersionDate "2021.10.06"]
[SourceQuality "1"]

1. e4 c5 2. Nf3 d6 3. d4 cxd4 4. Nxd4 Nf6 5. Nc3 a6 6. Bg5 e6 7. f4 b5 8. e5 dxe5 9. fxe5 Qc7 10. Bf4 Ne4 11. g3 Be7 12. Bg2 0-0 13. 0-0 Bb7 14. Qh5 Nd7 15. Rae1 g6 16. Qh6 Qb6 17. Qh3 h5 18. Rf2 Bc5 19. Rd2 Bxd4+ 0-1